000 00689nam a2200229 a 4500
001 BRL_751
005 20190320210859.0
008 011013s1956----nyua######---#000-0#eng-#
041 _aeng
044 _anyu
050 4 _aPS3537.A1539
_b.S23 1956
100 1 _aSack, John
_924833
245 1 0 _aFrom here to Shimbashi
_cby John Sack ; With Illustrations by Leo Hershfield.
260 _aNew York
_bPermabooks
_c1956
300 _aviii, 149 p.
_bil.
_c16 cm.
500 _aAu814
500 _aEstado fĂ­sico: Hojas desprendidas y rasgada la pasta del lomo.
650 1 4 _aLiteratura americana
_vNovelas
_924834
700 1 _aHershfield, Leo
_eil.
_924835
902 _aGRL
942 _2lcc
_cB
999 _c9563
_d9563